000 01392nam a22001577a 4500
041 _aukr
080 _a09
090 _bБУД
100 _aБудім С.С.
245 _aЛінгво-психологічні особливості семантичного поля емоційного концепту страх та його засоби вираження у творі "Протистояння" Стівена Кінга
260 _aОстрог
_bКАФ
_c2009
300 _a66
520 _aВСТУП РОЗДІЛ 1 МОВНО-ПСИХОЛОГІЧНІ ОСОБЛИВОСТІ СЕМАНТИЧНОГО ПОЛЯ СТРАХУ 1.1 Семантичне поле та його значення. 1.2 Поняття страху, його види та емоційна складова. 1.3 Концепт страху та його лінгвокогнітивні особливості. РОЗДІЛ 2 ЛЕКСИКО-СЕМАНТИЧНЕ ТА ПСИХОЛОГІЧНІ ЗАСОБИ ВИРАЖЕННЯ СТРАХУ У ТВОРІ СТІВЕНА КІНГА "ПРОТИСТОЯННЯ" 2.1 Психолінгвістичний аналіз лексем семантичного поля страху в творі С.Кінга "Протистояння". ВИСНОВКИ
_0семантичне поле,страх,Стівен Кінг,
650 _aResearch Papers
999 _c284212
_d284212
942 _cBK